000 00413cam a22001217a 4500
008 180718b1968 xxu||||| |||| 00| 0 eng d
082 _aT1603x54 sa 79 1
100 _aSrinivasan, T.R.
245 _aL. S. Sastri's law and practice of co-operative societies in India
_cBy T.R. Srinivasan
260 _aAllahabad
_bLaw
_c1968
300 _aVol-I, 608p
650 _aCooperative societies -- Law and legislation -- India
999 _c412279
_d412279